Statistics for Greece First Level Subdivisions

Click here to take the quiz!

General Stats

  • This quiz has been taken 194 times
  • The average score is 8 of 14

Answer Stats

Peripheries% Correct
Crete
86%
Attica
71%
Central
70%
Peloponnese
67%
Epirus
66%
Western
62%
Mount Athos
61%
Thessaly
58%
Ionian Islands
56%
Central Macedonia
52%
South Aegean
52%
North Aegean
50%
Western Macedonia
47%
Eastern Macedonia and Thrace
37%

Score Distribution

Percentile by Number Answered

Percent of People with Each Score

Your Score History

You have not taken this quiz